00795nam a2200229 a 450000100060000000300080000600500170001400800410003103500200007203500190009204000350011104100080014608200240015410000330017824500520021126000480026330000350031165000400034694200120038699900170039895201500041543252BD-RjUL20211209053653.0160620s1940 mau 001 0 eng  a(BD-RjUL) 43370 a(OCoLC)5013023 aDLCcIaDaMCdDLCdBD-RjULbeng aeng a424.4223bLAF 19401 aLandis, Paul,d1893-913285710aFreshman composition /cby Paul Nissley Landis. aBoston : bD. C. Heath and company, cc1940 a[2], iii-vii, 389 p. ;c21 cm. 0aEnglish languagexRhetoric.9132858 2ddccBK c43252d43252 00102ddc40708NFICaRUCLbRUCLcStackd1965-06-09ePeace carks american ,Rajshahil0o424.4 LAF 1940r2016-06-20 00:00:00tC-2w2016-06-20yBK